| 000 | 00659nam a2200229Ia 4500 | ||
|---|---|---|---|
| 003 | OSt | ||
| 005 | 20260312110113.0 | ||
| 008 | 210716s2004 xx 000 0 und d | ||
| 020 | _a8121908450 | ||
| 040 | _cAIMIT LIBRARY | ||
| 041 | _aeng | ||
| 082 |
_a511.3 _21 _bAGGR |
||
| 100 |
_aAggarwal, R S. _9258592 |
||
| 245 |
_aMathematics for MBA / _cBy R S Aggarwal. |
||
| 250 | _a1st ed. | ||
| 260 |
_aNew Delhi : _bS Chand and Company Ltd , _c2004. |
||
| 300 |
_a735p. ; _bPB _c21.6 cm |
||
| 650 |
_aArithmetic _9258593 |
||
| 650 |
_aMensuration progression and probability _9258594 |
||
| 650 |
_aTrigonometry _9258595 |
||
| 942 |
_2ddc _cBK _e1st _k511.3 AGGR |
||
| 999 |
_c185910 _d185910 |
||